| 000 -LEADER |
| fixed length control field |
01175nam a2200301 4500 |
| 005 - DATE AND TIME OF LATEST TRANSACTION |
| control field |
20260418122157.0 |
| 008 - FIXED-LENGTH DATA ELEMENTS--GENERAL INFORMATION |
| fixed length control field |
260416b xxu||||| |||| 00| 0 eng d |
| 082 ## - DEWEY DECIMAL CLASSIFICATION NUMBER |
| Edition number |
791.4372 |
| Item number |
Si617 2025 |
| 245 ## - TITLE STATEMENT |
| Title |
Sinners / |
| Statement of responsibility, etc |
directed, written, produced by Ryan Coogler ; produced by Zinzi Coogler, Sev Ohanian. |
| 260 ## - PUBLICATION, DISTRIBUTION, ETC. (IMPRINT) |
| Place of publication, distribution, etc |
United States : |
| Name of publisher, distributor, etc |
Warner Bros. Pictures, |
| Date of publication, distribution, etc |
2025 |
| 300 ## - PHYSICAL DESCRIPTION |
| Extent |
1 videofile (ca. 137 mins.) : |
| Other physical details |
sound, color. |
| 520 ## - SUMMARY, ETC. |
| Summary, etc |
Trying to leave their troubled lives behind, twin brothers return to their hometown to start again, only to discover that an even greater evil is waiting to welcome them back. |
| 521 ## - TARGET AUDIENCE NOTE |
| Target audience note |
Rated R for strong bloody violence, sexual content and language.
|
| 546 ## - LANGUAGE NOTE |
| Language note |
In English subtitle. |
| 650 ## - SUBJECT ADDED ENTRY--TOPICAL TERM |
| Topical term or geographic name as entry element |
Folk Horror |
| 650 ## - SUBJECT ADDED ENTRY--TOPICAL TERM |
| Topical term or geographic name as entry element |
Period Drama |
| 650 ## - SUBJECT ADDED ENTRY--TOPICAL TERM |
| Topical term or geographic name as entry element |
Supernatural Horror |
| 655 ## - INDEX TERM--GENRE/FORM |
| Genre/form data or focus term |
Action |
| 655 ## - INDEX TERM--GENRE/FORM |
| Genre/form data or focus term |
Drama |
| 655 ## - INDEX TERM--GENRE/FORM |
| Genre/form data or focus term |
Horror |
| 700 ## - ADDED ENTRY--PERSONAL NAME |
| Personal name |
Coogler, Ryan, director, writer, and producer. |
| 700 ## - ADDED ENTRY--PERSONAL NAME |
| Personal name |
Coogler, Zinzi, producer. |
| 700 ## - ADDED ENTRY--PERSONAL NAME |
| Personal name |
Ohanian, Sev, producer. |
| 700 ## - ADDED ENTRY--PERSONAL NAME |
| Personal name |
Jordan, Micheal B., star. |
| 700 ## - ADDED ENTRY--PERSONAL NAME |
| Personal name |
O'Connell, Jack, star. |
| 700 ## - ADDED ENTRY--PERSONAL NAME |
| Personal name |
Steinfeld, Hailee, star. |
| 942 ## - ADDED ENTRY ELEMENTS (KOHA) |
| Item type |
Audio-Visual Materials |
| Source of classification or shelving scheme |
|